| 000 | 00487nam a2200193Ia 4500 | ||
|---|---|---|---|
| 999 |
_c45892 _d45892 |
||
| 001 | 12721 | ||
| 003 | GE_BSU | ||
| 005 | 20250411144647.0 | ||
| 008 | 181216s2003||||enk|||||||||||||| ||eng|| | ||
| 020 | _a9781841493152x | ||
| 040 | _cGE_BSU | ||
| 041 | _aeng | ||
| 080 | _a821.111-312.4 C-19 | ||
| 100 |
_aCanavan, Trudi _924767 |
||
| 245 | 4 |
_aThe High Lord: The Black Magician Trilogy / _cTrudi Canavan. |
|
| 264 |
_aLondon, _b _c2003. |
||
| 300 |
_a647 p.; _b18 cm. |
||
| 942 |
_cBK _2udc |
||